| 000 | 01011nam a22002177a 4500 | ||
|---|---|---|---|
| 999 |
_c3950 _d3950 |
||
| 003 | AR-CdUCM | ||
| 008 | 190307b ||||| |||| 00| 0 spa d | ||
| 040 |
_aMUNICIPALIDAD PROVINCIAL DEL CUSCO _cBIBLIOTECA MUNICIPAL DEL CUSCO |
||
| 082 |
_a371.272 / _bC514 |
||
| 100 |
_aChahuayo Súcñer, Víctor Manuel _912634 |
||
| 245 | _aCómo evaluar en el enfoque por competencias / | ||
| 260 |
_aCusco : _bIdeagraf E.I.R.L., _c2016. |
||
| 300 |
_a97 páginas ; _c20 cm. |
||
| 505 | _aContenido: ¿Qué es la SITUACIÓN SIGNIFICATIVA en el campo del trabajo significativo? -- ¿Qué es COMPETENCIA de acuerdo a la labor pedagógica? --¿Qué es una CAPACIDAD en la labor pedagógica? -- ¿Qué es INDICADOR de acuerdo a la labor pedagógica? ... | ||
| 650 |
_aRendimiento académico - Evaluación _912635 |
||
| 650 |
_aEstudiantes - Evaluación _912636 |
||
| 650 |
_aMediciones y pruebas educativas - Metodología _912637 |
||
| 650 |
_aCompetencias - Educación _912638 |
||
| 942 |
_2ddc _cLIBROS |
||
| 945 | _alccs | ||